[Event "George Trundle Masters 2016"]
[Site "Auckland"]
[Date "2016.07.13"]
[Round "5.1"]
[White "Croad, Nicholas"]
[Black "Watson, Bruce R"]
[Result "1/2-1/2"]
[LiveChessVersion "1.4.8"]
[BlackElo "2237"]
[WhiteElo "2320"]

1. d4 {[%clk 1:30:58]} Nf6 {[%clk 1:30:54]} 2. c4 {[%clk 1:31:24]} e6
{[%clk 1:31:19]} 3. Nc3 {[%clk 1:31:49]} Bb4 {[%clk 1:31:31]} 4. g3
{[%clk 1:32:13]} O-O {[%clk 1:29:18]} 5. Bg2 {[%clk 1:32:27]} d5 {[%clk 1:29:17]}
6. a3 {[%clk 1:32:25]} Be7 {[%clk 1:22:42]} 7. Nf3 {[%clk 1:31:53]} dxc4
{[%clk 1:18:16]} 8. Qa4 {[%clk 1:24:35]} a6 {[%clk 1:13:13]} 9. Qxc4
{[%clk 1:23:02]} b5 {[%clk 1:13:27]} 10. Qd3 {[%clk 1:20:18]} Bb7
{[%clk 1:13:33]} 11. b4 {[%clk 1:17:55]} a5 {[%clk 1:08:57]} 12. bxa5
{[%clk 1:09:44]} Rxa5 {[%clk 1:08:45]} 13. Bb2 {[%clk 1:06:42]} Nbd7
{[%clk 1:05:09]} 14. O-O {[%clk 1:04:05]} Nb6 {[%clk 0:59:03]} 15. Ne5
{[%clk 0:55:35]} Bxg2 {[%clk 0:58:43]} 16. Kxg2 {[%clk 0:56:04]} Qa8+
{[%clk 0:54:52]} 17. Qf3 {[%clk 0:56:17]} Nbd5 {[%clk 0:48:22]} 18. Kg1
{[%clk 0:41:27]} Bd6 {[%clk 0:41:15]} 19. Nxd5 {[%clk 0:37:01]} Qxd5
{[%clk 0:40:10]} 20. Qc3 {[%clk 0:30:28]} Ra4 {[%clk 0:38:53]} 21. f3
{[%clk 0:30:20]} Rxd4 {[%clk 0:31:25]} 22. Nd3 {[%clk 0:30:21]} Rc4
{[%clk 0:31:00]} 23. Qd2 {[%clk 0:30:30]} Bc5+ {[%clk 0:26:39]} 24. Kh1
{[%clk 0:30:42]} Bd4 {[%clk 0:26:16]} 25. Nb4 {[%clk 0:26:05]} Qc5
{[%clk 0:23:45]} 26. Rad1 {[%clk 0:24:15]} Bxb2 {[%clk 0:23:24]} 27. Qxb2
{[%clk 0:24:43]} Nd5 {[%clk 0:22:36]} 28. Nxd5 {[%clk 0:23:06]} exd5
{[%clk 0:22:55]} 29. Qe5 {[%clk 0:23:18]} c6 {[%clk 0:21:54]} 30. Rd3
{[%clk 0:23:36]} Ra8 {[%clk 0:19:52]} 31. Kg2 {[%clk 0:22:52]} Qf8
{[%clk 0:19:31]} 32. Rfd1 {[%clk 0:16:42]} Re8 {[%clk 0:16:23]} 33. Qb2
{[%clk 0:17:01]} Qc5 {[%clk 0:16:34]} 34. R1d2 {[%clk 0:17:10]} Rc1
{[%clk 0:16:00]} 35. Rd4 {[%clk 0:16:04]} h6 {[%clk 0:14:35]} 36. Qb4
{[%clk 0:11:12]} Qxb4 {[%clk 0:07:46]} 37. Rxb4 {[%clk 0:11:40]} Ra8
{[%clk 0:07:30]} 38. Rb3 {[%clk 0:11:55]} Ra4 {[%clk 0:07:51]} 39. Kf2
{[%clk 0:11:42]} Kf8 {[%clk 0:08:07]} 40. Re3 {[%clk 0:41:39]} d4
{[%clk 0:36:27]} 41. Re4 {[%clk 0:40:10]} Rc3 {[%clk 0:36:31]} 42. Rdxd4
{[%clk 0:38:20]} Rxd4 {[%clk 0:36:52]} 43. Rxd4 {[%clk 0:38:49]} Rxa3
{[%clk 0:37:11]} 44. Rd7 {[%clk 0:39:15]} c5 {[%clk 0:32:09]} 45. Rb7
{[%clk 0:37:54]} Rb3 {[%clk 0:27:06]} 46. Ke1 {[%clk 0:38:09]} Rb2
{[%clk 0:26:39]} 47. Kd1 {[%clk 0:37:08]} c4 {[%clk 0:26:47]} 48. Rc7
{[%clk 0:36:49]} Ke8 {[%clk 0:23:55]} 49. h4 {[%clk 0:36:51]} h5 {[%clk 0:23:18]}
50. g4 {[%clk 0:35:36]} hxg4 {[%clk 0:23:02]} 51. fxg4 {[%clk 0:36:04]} Rb1+
{[%clk 0:23:14]} 52. Kc2 {[%clk 0:35:03]} Rg1 {[%clk 0:22:53]} 53. g5
{[%clk 0:35:11]} Rg4 {[%clk 0:20:20]} 54. Rb7 {[%clk 0:35:32]} Rxh4
{[%clk 0:20:36]} 55. Rxb5 {[%clk 0:36:00]} Ke7 {[%clk 0:20:53]} 56. Kc3
{[%clk 0:34:21]} Re4 {[%clk 0:21:02]} 57. Kd2 {[%clk 0:31:51]} Ke6
{[%clk 0:21:09]} 58. Rc5 {[%clk 0:31:02]} g6 {[%clk 0:15:00]} 59. Rc6+
{[%clk 0:31:18]} Kf5 {[%clk 0:15:03]} 60. Rf6+ {[%clk 0:31:40]} Kxg5
{[%clk 0:15:27]} 61. Rxf7 {[%clk 0:32:07]} Kg4 {[%clk 0:15:40]} 62. Rf3
{[%clk 0:29:35]} g5 {[%clk 0:15:27]} 63. Ke1 {[%clk 0:29:17]} Kh4
{[%clk 0:15:29]} 64. Rc3 {[%clk 0:29:26]} g4 {[%clk 0:13:58]} 65. Kf2
{[%clk 0:29:32]} Kg5 {[%clk 0:14:07]} 66. Ra3 {[%clk 0:27:41]} Kf4
{[%clk 0:14:25]} 67. e3+ {[%clk 0:27:53]} Kg5 {[%clk 0:12:43]} 68. Ra8
{[%clk 0:27:56]} Kf5 {[%clk 0:12:48]} 69. Rf8+ {[%clk 0:27:18]} Ke5
{[%clk 0:13:05]} 70. Ke2 {[%clk 0:27:33]} Kd5 {[%clk 0:13:10]} 71. Kd2
{[%clk 0:27:21]} Ke6 {[%clk 0:10:34]} 72. Re8+ {[%clk 0:23:43]} Kf5
{[%clk 0:10:57]} 73. Rf8+ {[%clk 0:23:25]} Kg5 {[%clk 0:11:03]} 74. Ke2
{[%clk 0:23:47]} Kh4 {[%clk 0:08:57]} 75. Kf2 {[%clk 0:23:58]} Re5
{[%clk 0:06:59]} 76. Rc8 {[%clk 0:23:33]} Re4 {[%clk 0:06:44]} 77. Rh8+
{[%clk 0:23:47]} Kg5 {[%clk 0:07:09]} 78. Rc8 {[%clk 0:24:10]} Kf5
{[%clk 0:07:02]} 79. Rf8+ {[%clk 0:23:46]} Ke5 {[%clk 0:07:25]} 80. Ke2
{[%clk 0:24:08]} Kd5 {[%clk 0:07:31]} 81. Kd2 {[%clk 0:24:23]} Ke6
{[%clk 0:06:16]} 82. Re8+ {[%clk 0:19:18]} Kf5 {[%clk 0:06:35]} 83. Rc8
{[%clk 0:19:40]} Kg5 {[%clk 0:06:53]} 84. Ke2 {[%clk 0:20:02]} Kh4
{[%clk 0:06:46]} 85. Kf2 {[%clk 0:20:18]} c3 {[%clk 0:03:25]} 86. Rxc3
{[%clk 0:20:36]} Ra4 {[%clk 0:03:46]} 87. Rc1 {[%clk 0:20:25]} Ra2+
{[%clk 0:04:10]} 88. Kg1 {[%clk 0:20:50]} Re2 {[%clk 0:03:28]} 89. Ra1
{[%clk 0:21:12]} Kh3 {[%clk 0:02:34]} 90. Rb1 {[%clk 0:21:35]} g3
{[%clk 0:02:45]} 91. Ra1 {[%clk 0:21:57]} Rg2+ {[%clk 0:03:03]} 92. Kh1
{[%clk 0:22:22]} Rh2+ {[%clk 0:03:19]} 93. Kg1 {[%clk 0:22:46]} g2
{[%clk 0:02:27]} 94. Kf2 {[%clk 0:23:07]} Rh1 {[%clk 0:02:37]} 95. Rg1
{[%clk 0:23:32]} Rxg1 1/2-1/2

[Event "George Trundle Masters 2016"]
[Site "Auckland"]
[Date "2016.07.13"]
[Round "5.2"]
[White "Garbett, Paul A"]
[Black "Solomon, Stephen J"]
[Result "0-1"]
[LiveChessVersion "1.4.8"]
[BlackElo "2367"]
[WhiteElo "2229"]

1. c4 {[%clk 1:30:54]} Nf6 {[%clk 1:29:27]} 2. Nc3 {[%clk 1:30:55]} e5
{[%clk 1:27:01]} 3. Nf3 {[%clk 1:30:56]} Nc6 {[%clk 1:26:51]} 4. d3
{[%clk 1:30:32]} d5 {[%clk 1:21:56]} 5. cxd5 {[%clk 1:30:31]} Nxd5
{[%clk 1:22:21]} 6. e3 {[%clk 1:27:46]} g6 {[%clk 1:18:38]} 7. Bd2
{[%clk 1:20:30]} Bg7 {[%clk 1:18:33]} 8. Be2 {[%clk 1:19:41]} O-O
{[%clk 1:14:32]} 9. O-O {[%clk 1:18:08]} b6 {[%clk 1:09:16]} 10. a3
{[%clk 0:58:10]} Bb7 {[%clk 1:05:13]} 11. Rc1 {[%clk 0:58:06]} Nde7
{[%clk 0:47:18]} 12. b4 {[%clk 0:51:58]} a6 {[%clk 0:45:24]} 13. Qb3
{[%clk 0:49:05]} Qd7 {[%clk 0:44:28]} 14. Rfd1 {[%clk 0:48:21]} h6
{[%clk 0:40:23]} 15. Rc2 {[%clk 0:40:12]} Kh7 {[%clk 0:38:26]} 16. Bc1
{[%clk 0:34:17]} Rad8 {[%clk 0:37:09]} 17. a4 {[%clk 0:33:28]} a5
{[%clk 0:32:11]} 18. b5 {[%clk 0:32:37]} Nb4 {[%clk 0:32:08]} 19. Rcd2
{[%clk 0:32:35]} Ned5 {[%clk 0:27:29]} 20. Ne4 {[%clk 0:30:56]} f5
{[%clk 0:26:18]} 21. Ba3 {[%clk 0:28:46]} Qe7 {[%clk 0:16:53]} 22. Ng3
{[%clk 0:26:27]} f4 {[%clk 0:15:19]} 23. exf4 {[%clk 0:22:18]} Nxf4
{[%clk 0:15:43]} 24. Ne4 {[%clk 0:22:02]} Bd5 {[%clk 0:15:40]} 25. Qb1
{[%clk 0:21:29]} Kh8 {[%clk 0:12:36]} 26. Ne1 {[%clk 0:16:30]} Bxe4
{[%clk 0:09:39]} 27. dxe4 {[%clk 0:16:30]} Rxd2 {[%clk 0:08:56]} 28. Rxd2
{[%clk 0:16:50]} Nh3+ {[%clk 0:05:26]} 29. gxh3 {[%clk 0:14:50]} Qg5+
{[%clk 0:05:05]} 30. Kf1 {[%clk 0:15:15]} Qxd2 {[%clk 0:05:17]} 31. Nf3
{[%clk 0:15:21]} Qc3 {[%clk 0:02:49]} 32. Bb2 {[%clk 0:12:18]} Qb3
{[%clk 0:03:08]} 33. Nxe5 {[%clk 0:11:01]} Qxh3+ {[%clk 0:03:28]} 34. Kg1
{[%clk 0:10:40]} Kh7 {[%clk 0:03:10]} 35. Nxg6 {[%clk 0:08:44]} Kxg6
{[%clk 0:02:34]} 36. Kh1 {[%clk 0:09:10]} Bxb2 {[%clk 0:02:15]} 37. e5+
{[%clk 0:09:17]} 0-1

[Event "George Trundle Masters 2016"]
[Site "Auckland"]
[Date "2016.07.13"]
[Round "5.3"]
[White "Smith, Robert W"]
[Black "Wastney, Scott"]
[Result "1/2-1/2"]
[LiveChessVersion "1.4.8"]
[BlackElo "2370"]
[WhiteElo "2207"]

1. b3 {[%clk 1:30:59]} e5 {[%clk 1:30:12]} 2. Bb2 {[%clk 1:31:28]} Nc6
{[%clk 1:30:25]} 3. e3 {[%clk 1:31:34]} d5 {[%clk 1:29:34]} 4. Bb5
{[%clk 1:31:39]} Bd6 {[%clk 1:29:02]} 5. Nf3 {[%clk 1:28:38]} f6 {[%clk 1:26:58]}
6. c4 {[%clk 1:24:40]} a6 {[%clk 1:24:40]} 7. Ba4 {[%clk 1:24:58]} Bd7
{[%clk 1:10:01]} 8. Bxc6 {[%clk 1:19:10]} bxc6 {[%clk 1:03:30]} 9. d3
{[%clk 1:09:24]} Nh6 {[%clk 0:59:05]} 10. Nc3 Be6 11. e4 {[%clk 1:07:22]} d4
{[%clk 0:53:22]} 12. Ne2 {[%clk 1:05:14]} O-O {[%clk 0:53:21]} 13. Bc1
{[%clk 1:01:54]} Nf7 {[%clk 0:52:03]} 14. Ng3 {[%clk 0:59:18]} Qd7
{[%clk 0:52:16]} 15. O-O {[%clk 0:58:24]} a5 {[%clk 0:50:46]} 16. a4
{[%clk 0:54:04]} Rfb8 {[%clk 0:49:13]} 17. Rb1 {[%clk 0:54:23]} Rb7
{[%clk 0:47:23]} 18. Nh4 {[%clk 0:53:44]} g6 {[%clk 0:44:08]} 19. Bd2
{[%clk 0:49:57]} Bb4 {[%clk 0:43:35]} 20. Bc1 {[%clk 0:49:55]} Rab8
{[%clk 0:42:15]} 21. Ne2 {[%clk 0:48:12]} g5 {[%clk 0:39:58]} 22. Nf3
{[%clk 0:48:16]} Nh8 {[%clk 0:36:42]} 23. h4 {[%clk 0:38:51]} gxh4
{[%clk 0:31:32]} 24. Nxh4 {[%clk 0:38:57]} Ng6 {[%clk 0:31:30]} 25. Nxg6
{[%clk 0:28:27]} hxg6 {[%clk 0:31:56]} 26. f3 {[%clk 0:28:26]} Kg7
{[%clk 0:24:59]} 27. Kf2 {[%clk 0:28:41]} Rh8 {[%clk 0:25:20]} 28. Rh1
{[%clk 0:28:49]} Rbb8 {[%clk 0:24:24]} 29. Rxh8 {[%clk 0:28:23]} Rxh8
{[%clk 0:24:51]} 30. Bd2 {[%clk 0:28:28]} Qe7 {[%clk 0:22:46]} 31. Bxb4
{[%clk 0:27:22]} Qxb4 {[%clk 0:23:07]} 32. Qe1 {[%clk 0:26:41]} c5
{[%clk 0:19:48]} 33. Qxb4 {[%clk 0:24:06]} cxb4 {[%clk 0:20:17]} 34. Kg1
{[%clk 0:20:52]} c5 {[%clk 0:19:55]} 35. Rf1 {[%clk 0:20:46]} f5 {[%clk 0:18:25]}
36. exf5 {[%clk 0:16:58]} gxf5 {[%clk 0:18:01]} 37. Ng3 {[%clk 0:17:24]} Rh4
{[%clk 0:16:08]} 38. Kf2 {[%clk 0:13:27]} Bd7 {[%clk 0:15:30]} 39. Re1
{[%clk 0:12:21]} Kf6 {[%clk 0:15:22]} 40. Nf1 {[%clk 0:42:03]} Bc6
{[%clk 0:38:01]} 41. Nd2 {[%clk 0:42:23]} Rh2 {[%clk 0:37:19]} 42. Kg1
{[%clk 0:42:37]} Rh7 {[%clk 0:37:14]} 43. Kf2 {[%clk 0:42:58]} Rh8
{[%clk 0:35:52]} 44. Kg1 {[%clk 0:42:53]} Be8 {[%clk 0:33:07]} 45. Kf2
{[%clk 0:42:46]} Bg6 {[%clk 0:31:36]} 46. Kg1 {[%clk 0:43:12]} Re8
{[%clk 0:26:50]} 47. Kf2 {[%clk 0:42:53]} Kg5 {[%clk 0:21:11]} 48. Re2
{[%clk 0:42:49]} Kf6 {[%clk 0:14:37]} 49. Re1 {[%clk 0:43:06]} Rh8
{[%clk 0:15:00]} 50. Kg1 {[%clk 0:43:31]} Rh7 {[%clk 0:14:48]} 51. Re2
{[%clk 0:43:51]} Rh4 {[%clk 0:15:02]} 52. Re1 {[%clk 0:43:23]} Rh6
{[%clk 0:14:17]} 53. Re2 {[%clk 0:43:42]} Rh8 {[%clk 0:12:41]} 54. Re1
{[%clk 0:44:07]} Rh7 {[%clk 0:13:04]} 55. Re2 {[%clk 0:44:32]} Rh8
{[%clk 0:12:00]} 56. Re1 {[%clk 0:44:53]} Rh4 {[%clk 0:11:29]} 57. Re2
{[%clk 0:45:15]} e4 {[%clk 0:08:27]} 58. fxe4 {[%clk 0:45:33]} fxe4
{[%clk 0:08:35]} 59. dxe4 {[%clk 0:45:52]} Rg4 {[%clk 0:07:44]} 60. Kf2
{[%clk 0:41:48]} Ke5 {[%clk 0:07:29]} 61. Nf3+ {[%clk 0:42:07]} Ke6
{[%clk 0:05:33]} 62. Nd2 {[%clk 0:42:25]} Ke5 {[%clk 0:05:42]} 63. Nf3+
{[%clk 0:42:50]} Ke6 {[%clk 0:05:12]} 64. Nd2 {[%clk 0:43:15]} Ke5
{[%clk 0:04:23]} 1/2-1/2

[Event "George Trundle Masters 2016"]
[Site "Auckland"]
[Date "2016.07.13"]
[Round "5.4"]
[White "Hague, Ben"]
[Black "Chan, Peng Kong"]
[Result "1/2-1/2"]
[LiveChessVersion "1.4.8"]
[BlackElo "2238"]
[WhiteElo "2336"]

1. e4 {[%clk 1:30:56]} d5 {[%clk 1:30:20]} 2. exd5 {[%clk 1:31:19]} Nf6
{[%clk 1:30:38]} 3. Nf3 {[%clk 1:30:53]} Nxd5 {[%clk 1:30:59]} 4. d4
{[%clk 1:30:56]} g6 {[%clk 1:30:25]} 5. c4 {[%clk 1:27:53]} Nb6 {[%clk 1:30:14]}
6. c5 {[%clk 1:28:05]} Nd5 {[%clk 1:30:15]} 7. Bc4 {[%clk 1:28:15]} Bg7
{[%clk 1:29:58]} 8. Qb3 {[%clk 1:27:59]} e6 {[%clk 1:28:28]} 9. Nc3
{[%clk 1:26:52]} Nxc3 {[%clk 1:28:36]} 10. bxc3 {[%clk 1:27:12]} O-O
{[%clk 1:26:55]} 11. O-O {[%clk 1:24:15]} Nc6 {[%clk 1:26:08]} 12. Bb5
{[%clk 1:19:19]} Bd7 {[%clk 1:23:35]} 13. Bf4 {[%clk 1:16:50]} Na5
{[%clk 1:12:03]} 14. Qb4 {[%clk 1:11:32]} Bxb5 {[%clk 1:12:23]} 15. Qxb5
{[%clk 1:11:55]} b6 {[%clk 1:08:30]} 16. Ne5 {[%clk 1:07:50]} Qd5
{[%clk 1:04:27]} 17. Rfd1 {[%clk 1:02:09]} Rfd8 {[%clk 1:00:51]} 18. Bg3
{[%clk 0:57:50]} a6 {[%clk 0:21:03]} 19. Qa4 {[%clk 0:54:57]} Rac8
{[%clk 0:19:49]} 20. Rab1 {[%clk 0:50:17]} f6 {[%clk 0:13:57]} 21. Nd3
{[%clk 0:48:12]} Qc4 {[%clk 0:13:56]} 22. Qc2 {[%clk 0:24:28]} bxc5
{[%clk 0:14:06]} 23. Nxc5 {[%clk 0:24:31]} e5 {[%clk 0:13:35]} 24. Nb3
{[%clk 0:17:35]} Nc6 {[%clk 0:13:22]} 25. dxe5 {[%clk 0:16:04]} 1/2-1/2

[Event "George Trundle Masters 2016"]
[Site "Auckland"]
[Date "2016.07.13"]
[Round "5.5"]
[White "Lane, Gary W"]
[Black "Wallis, Christopher"]
[Result "1-0"]
[LiveChessVersion "1.4.8"]
[BlackElo "2351"]
[WhiteElo "2375"]

1. e4 {[%clk 1:30:58]} e5 {[%clk 1:24:24]} 2. Nf3 {[%clk 1:30:43]} Nc6
{[%clk 1:24:25]} 3. Bb5 {[%clk 1:30:36]} a6 {[%clk 1:24:46]} 4. Ba4
{[%clk 1:30:57]} Nf6 {[%clk 1:25:08]} 5. O-O {[%clk 1:31:20]} Be7
{[%clk 1:25:32]} 6. Re1 {[%clk 1:31:31]} b5 {[%clk 1:25:54]} 7. Bb3
{[%clk 1:31:57]} d6 {[%clk 1:26:14]} 8. c3 {[%clk 1:32:22]} O-O {[%clk 1:26:39]}
9. d4 {[%clk 1:32:50]} Bg4 {[%clk 1:26:56]} 10. Be3 {[%clk 1:30:27]} exd4
{[%clk 1:27:20]} 11. cxd4 {[%clk 1:30:10]} d5 {[%clk 1:27:30]} 12. e5
{[%clk 1:29:15]} Ne4 {[%clk 1:27:50]} 13. Nc3 {[%clk 1:29:37]} Nxc3
{[%clk 1:27:29]} 14. bxc3 {[%clk 1:30:02]} Na5 {[%clk 1:27:15]} 15. Bc2
{[%clk 1:27:36]} Nc4 {[%clk 1:26:39]} 16. h3 {[%clk 1:25:21]} Bh5
{[%clk 1:24:54]} 17. g4 {[%clk 1:21:07]} Bg6 {[%clk 1:25:04]} 18. Bf5
{[%clk 1:21:32]} a5 {[%clk 1:21:00]} 19. Qd3 {[%clk 1:16:17]} Bxf5
{[%clk 1:07:46]} 20. gxf5 {[%clk 1:00:04]} f6 {[%clk 1:08:07]} 21. Bf4
{[%clk 0:57:44]} Qd7 {[%clk 1:01:08]} 22. e6 {[%clk 0:44:50]} Qc6
{[%clk 0:59:35]} 23. Nh4 {[%clk 0:39:49]} Bd6 {[%clk 0:46:26]} 24. Qf3
{[%clk 0:31:06]} Bxf4 {[%clk 0:43:09]} 25. Qxf4 {[%clk 0:31:30]} Nd6
{[%clk 0:42:10]} 26. f3 {[%clk 0:24:08]} Qxc3 {[%clk 0:21:49]} 27. Rac1
{[%clk 0:21:51]} Qb4 {[%clk 0:20:33]} 28. a3 {[%clk 0:20:21]} Qxa3
{[%clk 0:20:49]} 29. Rxc7 {[%clk 0:20:45]} Rfc8 {[%clk 0:18:03]} 30. Rd7
{[%clk 0:16:19]} Rd8 {[%clk 0:13:52]} 31. Qg4 {[%clk 0:09:46]} Rxd7
{[%clk 0:09:06]} 32. exd7 {[%clk 0:10:11]} Qc3 {[%clk 0:08:20]} 33. Re6
{[%clk 0:05:19]} Qc1+ {[%clk 0:03:57]} 34. Kf2 {[%clk 0:05:32]} Qd2+
{[%clk 0:02:58]} 35. Kg3 {[%clk 0:05:24]} a4 {[%clk 0:01:42]} 36. Rxd6
{[%clk 0:04:33]} Qe1+ {[%clk 0:02:07]} 37. Kh2 {[%clk 0:04:12]} Qe7
{[%clk 0:02:13]} 38. Rxd5 {[%clk 0:03:28]} a3 {[%clk 0:01:10]} 39. Qe4
{[%clk 0:03:37]} Qd8 {[%clk 0:01:07]} 40. Rc5 {[%clk 0:33:24]} Qb8+
{[%clk 0:30:47]} 41. f4 {[%clk 0:33:32]} a2 {[%clk 0:30:16]} 42. Qe6+
{[%clk 0:31:29]} 1-0